| 000 | 00390nam a22001697a 4500 | ||
|---|---|---|---|
| 003 | NUST - PNEC | ||
| 005 | 20170116181147.0 | ||
| 008 | 151013b xxu||||| |||| 00| 0 eng d | ||
| 020 | _a- | ||
| 040 | _cLIBRARY | ||
| 082 | _a530.092 SIN | ||
| 100 |
_915157 _aSingh Jagjit |
||
| 245 |
_aAbdus Salam _cJagjit Singh |
||
| 260 | _cc 1992 | ||
| 650 |
_915159 _a- _xGeneral |
||
| 942 |
_2ddc _cBK |
||
| 999 |
_c70793 _d70793 |
||